Nalaganje...

Fifty-Seven /

Bibliografske podrobnosti
Glavni avtor: Keene, Hg
Jezik:Undetermined
LEADER 00334nam a2200109Ia 4500
001 174385
008 170722s9999 xx 000 0 und d
100 |a Keene, Hg 
245 |a Fifty-Seven / 
942 |c GEN 
999 |c 157955  |d 157955 
952 |0 0  |1 0  |4 0  |6 V_228_M5_B3  |7 0  |8 LC1  |9 221378  |a LIB  |b LIB  |d 2017-08-12  |h LC1  |o V2:28.M5 B3  |p A4288  |r 2017-08-12  |w 2017-08-12  |y GEN